| 000 | 00553nam a2200181Ia 4500 | ||
|---|---|---|---|
| 008 | 240729s9999 xx 000 0 und d | ||
| 022 | _a2054-6181 | ||
| 245 | 0 | _aEuropean Medical Journal Diabetes | |
| 260 | _aUnited Kingdom | ||
| 260 | _bEuropean Medical Journal | ||
| 650 | _a Diseases of the endocrine glands. Clinical endocrinology | ||
| 650 | _a Internal medicine | ||
| 650 | _a Specialties of internal medicine | ||
| 650 | _aMedicine | ||
| 856 | _uhttps://doaj.org/toc/d7b64978734f4a6382d68d0ba502b2df | ||
| 942 | _2ddc | ||
| 942 | _cDOAJEJ | ||
| 999 |
_c66057 _d66057 |
||
| 945 |
_a1 _bMadushi Gamage _c1 _dMadushi Gamage |
||